000 01919nam a22001577a 4500
041 _aukr
080 _a09
090 _bНАІ
100 _aНовак А.І.
245 _aСемантичний аналіз англійських фразеологізмів, що пов’язані з поняттям дружби
260 _aОстрог
_bКАФ
_c2007
300 _a58
520 _aВСТУП. РОЗДІЛ 1. ФРАЗЕОЛОГІЯ ТА ЇЇ ОСНОВНІ КАТЕГОРІЇ. 1.1. Означення ФО та види її інваріативності. 1.2. Смислова структура фразеологізму та слова. 1.3. Основні структурно семантичні класи та структурні типи ФО. 1.4. ФО і контекст. місце фразеології у словниковому складі англійської мови. РОЗДІЛ 2. СЕМАНТИЧНИЙ АНАЛІЗ ФО, ЩО ПОВ’ЯЗАНІ З ПОНЯТТЯМ ДРУЖБИ. 2.1. Означення поняття "дружба" та його значення. 2.2. Аналіз ФО, що визначають дружбу як скарб. 2.3. Аналіз ФО, семантикою яких є розлука з другом чи його втрата. 2.4. Аналіз ФО, значенням яких є дружба і корисливість. 2.5. Аналіз ФО, що функціонують на позначення щирої дружби. 2.6. Аналіз ФО, семантикою яких є фальшиві друзі. 2.7. Аналіз ФО, що зазначають негативні сторони дружби. 2.8. Аналіз ФО, значенням яких є дружба і перешкоди. ВИСНОВКИ.
_0Семантичний аналіз, фразеологізми.
650 _aResearch Papers
999 _c283967
_d283967
942 _cBK